Next : (Record no. 174469)

000 -LEADER
fixed length control field 01232cam a2200337 a 4500
001 - CONTROL NUMBER
control field 14583050
003 - CONTROL NUMBER IDENTIFIER
control field Nust
005 - DATE AND TIME OF LATEST TRANSACTION
control field 20180731071206.0
008 - FIXED-LENGTH DATA ELEMENTS--GENERAL INFORMATION
fixed length control field 061004s2006 nyu b 000 1 eng
010 ## - LIBRARY OF CONGRESS CONTROL NUMBER
LC control number 2006046905
020 ## - INTERNATIONAL STANDARD BOOK NUMBER
International Standard Book Number 9780007248995
Terms of availability Rs. 340
035 ## - SYSTEM CONTROL NUMBER
System control number (OCoLC)ocm73503259
038 ## - RECORD CONTENT LICENSOR
Staff Name Arshad
040 ## - CATALOGING SOURCE
Original cataloging agency DLC
Transcribing agency DLC
Modifying agency IG#
-- BAKER
-- WIQ
-- DLC
050 00 - LIBRARY OF CONGRESS CALL NUMBER
Classification number PS3553.R48
Item number N48 2006
082 00 - DEWEY DECIMAL CLASSIFICATION NUMBER
Classification number 813.54
Author Mark CRI
100 1# - MAIN ENTRY--PERSONAL NAME
Personal name Crichton, Michael,
Dates associated with a name 1942-2008.
9 (RLIN) 12099
245 10 - TITLE STATEMENT
Title Next :
Remainder of title a novel /
Statement of responsibility, etc. Michael Crichton.
250 ## - EDITION STATEMENT
Edition statement 1st ed.
260 ## - PUBLICATION, DISTRIBUTION, ETC.
Place of publication, distribution, etc. New York :
Name of publisher, distributor, etc. HarperCollins Publishers,
Date of publication, distribution, etc. 2006.
300 ## - PHYSICAL DESCRIPTION
Extent 431 p. ;
Dimensions 24 cm.
504 ## - BIBLIOGRAPHY, ETC. NOTE
Bibliography, etc. note Includes bibliographical references (p. [425]-431).
650 #0 - SUBJECT ADDED ENTRY--TOPICAL TERM
Topical term or geographic name entry element Genetics
Form subdivision Fiction.
9 (RLIN) 12140
650 #0 - SUBJECT ADDED ENTRY--TOPICAL TERM
Topical term or geographic name entry element Mutation (Biology)
Form subdivision Fiction.
9 (RLIN) 12141
655 #7 - INDEX TERM--GENRE/FORM
Genre/form data or focus term Suspense fiction.
Source of term gsafd
9 (RLIN) 4577
856 42 - ELECTRONIC LOCATION AND ACCESS
Materials specified Contributor biographical information
Uniform Resource Identifier <a href="http://www.loc.gov/catdir/enhancements/fy0911/2006046905-b.html">http://www.loc.gov/catdir/enhancements/fy0911/2006046905-b.html</a>
856 42 - ELECTRONIC LOCATION AND ACCESS
Materials specified Publisher description
Uniform Resource Identifier <a href="http://www.loc.gov/catdir/enhancements/fy0911/2006046905-d.html">http://www.loc.gov/catdir/enhancements/fy0911/2006046905-d.html</a>
906 ## - LOCAL DATA ELEMENT F, LDF (RLIN)
a 7
b cbc
c orignew
d 1
e ocip
f 20
g y-gencatlg
942 ## - ADDED ENTRY ELEMENTS (KOHA)
Source of classification or shelving scheme
Koha item type Book
Holdings
Withdrawn status Lost status Source of classification or shelving scheme Damaged status Not for loan Collection code Permanent Location Current Location Shelving location Date acquired Total Checkouts Full call number Barcode Date last seen Date last checked out Copy number Price effective from Koha item type
            Central Library (CL) Central Library (CL) Fiction 01/27/2017 1 813.54 CRI CL391 07/06/2023 08/14/2021 1 01/27/2017 Book
© 2023 Central Library, National University of Sciences and Technology. All Rights Reserved.